Wszystkie gminy w Polsce na literę F - Statystyki

Ogólne statystyki
  • Ten quiz został rozwiązany 19 razy
  • Średni wynik to 4 z 9
Statystyki odpowiedzi
Województwo Gmina % Poprawnych
warmińsko-mazurskie Frombork
88%
lubelskie Frampol
71%
podlaskie Filipów
47%
podkarpackie Frysztak
41%
świętokrzyskie Fałków
35%
kujawsko-pomorskie Fabianki
29%
lubelskie Fajsławice
24%
lubelskie Firlej
24%
podkarpackie Fredropol
24%
Nie znaleziono quizów pasujących do podanych kryteriów
Rozkład punktacji
Procent ludzi z każdym wynikiem
Percentyl według liczby udzielonych odpowiedzi
Twoja historia wyników
Nie rozwiązałeś tego quizu